[Event "Leipzig VfB op 25th"]
[Site "Leipzig"]
[Date "2018.03.25"]
[Round "9"]
[White "Fischbach, Rainer"]
[Black "Bosch, Jonael"]
[Result "1/2-1/2"]
[WhiteElo "1853"]
[BlackElo "1540"]
[PlyCount "65"]
[EventDate "2018.03.20"]
[EventType "swiss"]
[EventRounds "9"]
[EventCountry "GER"]
[SourceTitle "CBM 183 Extra"]
[Source "ChessBase"]
[SourceDate "2018.04.19"]
[SourceVersion "1"]
[SourceVersionDate "2018.04.19"]
[SourceQuality "1"]

1. b4 e5 2. Bb2 Bxb4 3. Bxe5 Nf6 4. c4 Nc6 5. Bb2 0-0 6. e3 d5 7. Nf3 Bf5 8. cxd5 Nxd5 9. Be2 Nce7 10. 0-0 c5 11. d3 Bg4 12. h3 Bh5 13. Ne5 Bxe2 14. Qxe2 Ng6 15. Nxg6 hxg6 16. Qc2 Rc8 17. a3 Ba5 18. Nd2 Bc7 19. Qb3 b6 20. Qc4 Qd6 21. Nf3 Bd8 22. Be5 Qd7 23. e4 Nc7 24. Bb2 Qb5 25. Qc2 Ne6 26. a4 Qd7 27. Qc4 f6 28. Rac1 Be7 29. Nh4 Kh7 30. Nf3 Rfd8 31. e5 Nd4 32. Bxd4 cxd4 33. Qb3 1/2-1/2